MARC details
| 000 -CABECERA |
| campo de control de longitud fija |
01833nam a2200337 i 4500 |
| 001 - NÚMERO DE CONTROL |
| campo de control |
991061727876006706 |
| 003 - IDENTIFICADOR DEL NÚMERO DE CONTROL |
| campo de control |
ES-BaIT |
| 005 - FECHA Y HORA DE LA ÚLTIMA TRANSACCIÓN |
| campo de control |
20260227131131.0 |
| 008 - DATOS DE LONGITUD FIJA--INFORMACIÓN GENERAL |
| campo de control de longitud fija |
260227e202509 fr r 000 d fre c |
| 020 ## - NÚMERO INTERNACIONAL ESTÁNDAR DEL LIBRO |
| Número Internacional Estándar del Libro |
9782749816821 |
| 040 ## - FUENTE DE LA CATALOGACIÓN |
| Centro catalogador/agencia de origen |
ES-BaIT |
| Lengua de catalogación |
cat |
| Normas de descripción |
rda |
| Centro/agencia transcriptor |
ES-BaIT |
| 080 ## - NÚMERO DE LA CLASIFICACIÓN DECIMAL UNIVERSAL |
| Número de la Clasificación Decimal Universal |
840-2"19" |
| 100 1# - ENTRADA PRINCIPAL--NOMBRE DE PERSONA |
| Nombre de persona |
Valensi, Samuel |
| Término indicativo de función/relación |
autor |
| 9 (RLIN) |
168748 |
| 245 10 - MENCIÓN DE TÍTULO |
| Título |
Made in France / |
| Mención de responsabilidad, etc. |
Samuel Valensi, Paul-Éloi Forget |
| 264 #1 - PRODUCCIÓN, PUBLICACIÓN, DISTRIBUCIÓN, FABRICACIÓN Y COPYRIGHT |
| Producción, publicación, distribución, fabricación y copyright |
Paris : |
| Nombre del de productor, editor, distribuidor, fabricante |
L'avant-scène théâtre, |
| Fecha de producción, publicación, distribución, fabricación o copyright |
septembre 2025 |
| 300 ## - DESCRIPCIÓN FÍSICA |
| Extensión |
110 pàgines ; |
| Dimensiones |
21 cm |
| 336 ## - TIPO DE CONTENIDO |
| Término de tipo de contenido |
text |
| Código de tipo de contenido |
txt |
| Fuente |
rdacontent |
| 337 ## - TIPO DE MEDIO |
| Nombre/término del tipo de medio |
sense mediació |
| Código del tipo de medio |
n |
| Fuente |
rdamedia |
| 338 ## - TIPO DE SOPORTE |
| Nombre/término del tipo de soporte |
volum |
| Código del tipo de soporte |
nc |
| Fuente |
rdacarrier |
| 490 1# - MENCIÓN DE SERIE |
| Mención de serie |
L'Avant-scène théâtre ; |
| Designación de volumen o secuencia |
no 1580 |
| 500 ## - NOTA GENERAL |
| Nota general |
P10: D6, H4 |
| 500 ## - NOTA GENERAL |
| Nota general |
Publicat com no 1580 (septembre 2025) de la revista L'Avant-scène théâtre |
| 500 ## - NOTA GENERAL |
| Nota general |
Estrena Théâtre de Belleville, el 9 de març de 2025 |
| 520 ## - SUMARIO, ETC. |
| Sumario, etc. |
"Après tout ce temps passé à l’attendre derrière les barreaux, ça y est, Émile a obtenu sa peine aménagée. Dès demain, il passera ses journées à l’usine et ses nuits en centre de détention, de quoi rêver d’une sortie rapide pour bonne conduite. Problème : l’usine où il s’apprête à travailler délocalise. Émile n’a plus le choix. Pour se sauver, il faut qu’il devienne le meilleur des syndicalistes, sauve l’usine, ses collègues et, peut-être, au passage, le pays tout entier.Made in France est un spectacle qui raconte le combat d’hommes et de femmes prêts à tout pour sauver l’industrie française… enfin… à tout, sauf à faire quelque chose."-- Contracoberta |
| 650 #0 - PUNTO DE ACCESO ADICIONAL DE MATERIA--TÉRMINO DE MATERIA |
| Término de materia o nombre geográfico como elemento de entrada |
Sindicalistes |
| Subdivisión de forma |
Textos dramàtics |
| 9 (RLIN) |
168749 |
| 700 1# - ENTRADA AGREGADA--NOMBRE PERSONAL |
| Nombre de persona |
Forget, Paul-Éloi |
| Término indicativo de función/relación |
autor |
| 9 (RLIN) |
168750 |
| 830 ## - PUNTO DE ACCESO ADICIONAL DE SERIE-TÍTULO UNIFORME |
| Título uniforme |
Avant-scène. |
| Nombre de parte o sección de la obra |
Théâtre |
| Designación de volumen o secuencia |
no 1580 |
| 9 (RLIN) |
168170 |
| 908 ## - COLOCAR PARÁMETRO DE COMANDO (RLIN) |
| Colocar parámetro de comando |
CDMAE |
| 940 ## - EQUIVALENCIA O REFERENCIA-CRUZADA--TÍTULO UNIFORME [OBSOLETO] [solamente CAN/MARC] |
| Título uniforme |
<a href="CDMAE">CDMAE</a> |
| 942 ## - ELEMENTOS DE ENTRADA AGREGADA (KOHA) |
| Fuente del sistema de clasificación o colocación |
Clasificación decimal universal |
| Tipo de ítem Koha |
Llibre |